| 000 | 01134nam a22002297a 4500 | ||
|---|---|---|---|
| 005 | 20170222140511.0 | ||
| 008 | 130617b2011 ck ||||| |||| 00| 0 spa d | ||
| 020 | _a9789587199796 | ||
| 040 |
_a Co-BoIAvH _c Co-BoIAvH |
||
| 041 | _aspa | ||
| 044 | _ack | ||
| 082 |
_a574.509861 _bC718c |
||
| 111 | 1 |
_aSimposio Internacional sobre Biodiversidad del Caribe Colombiano ( _cValledupar: _d15 y 16 de septiembre de 2011) |
|
| 245 | 1 |
_aSimposio Internacional sobre Biodiversidad del Caribe Colombiano: _bConocimiento, uso sostenible, conservación e incorporación de la biodiversidad en los planes de desarrollo locales y regionales _ceditado por Editor J. Orlando Rangel Ch. |
|
| 260 | 3 |
_aBogotá : _bUniversidad Nacional de Colombia. Instituto de Ciencias Naturales, _c2011. |
|
| 300 |
_a44 páginas, _b _c24 cm. |
||
| 490 |
_aColombia Diversidad Biótica: _aPublicación Especial, Resúmenes, _v3 |
||
| 650 | 6 |
_aDiversidad biológica _vcongresos, conferencias, etc. _zCaribe (Región) _zColombia |
|
| 700 | 1 |
_aRangel Ch. J. Orlando. _eeditor |
|
| 740 | 0 | _aColombia. Diversidad biótica III | |
| 942 |
_2ddc _cLIBRO |
||
| 999 |
_c19348 _d19348 |
||